Every NBA2K Cover - Statistics

General Stats
  • This quiz has been taken 45 times
  • The average score is 16 of 21
Answer Stats
Year Answer % Correct
'14 Lebron James
100%
'16 Stephen Curry, James Harden, Anthony Davis
100%
'11 Michael Jordan
92%
'12 Michael Jordan, Larry Bird, Magic Johnson
92%
'07 Shaquille O'Neal
92%
'06 Shaquille O'Neal
92%
'13 Blake Griffin, Kevin Durant, Derrick Rose
89%
'10 Kobe Bryant
89%
'15 Kevin Durant
87%
'18 Kyrie Irving
84%
'20 Anthony Davis
82%
'19 Giannis Antetokounmpo
82%
'09 Kevin Garnett
74%
'17 Paul George
74%
'04 Allen Iverson
66%
'03 Allen Iverson
66%
'01 Allen Iverson
66%
'00 Allen Iverson
66%
'08 Chris Paul
66%
'02 Bill Russell, Julius Erving, Magic Johnson, Larry Bird
39%
'05 Ben Wallace
34%
No matching quizzes found
Score Distribution
Percent of People with Each Score
Percentile by Number Answered
Your Score History
You have not taken this quiz